[Event "Budimex POL-ch Women 2018"]
[Site "Warsaw"]
[Date "2018.05.16"]
[Round "5"]
[White "Kubicka, Anna"]
[Black "Majdan, Joanna"]
[Result "0-1"]
[WhiteElo "2219"]
[BlackElo "2369"]
[Annotator "TA"]
[PlyCount "136"]
[EventDate "2018.??.??"]
[EventType "tourn"]
[EventCountry "POL"]
[SourceTitle "playchess.com"]
[Source "ChessBase"]
[SourceQuality "1"]

{[%evp 15,136,9,47,30,41,30,43,0,-3,-25,-23,-34,-24,-28,-23,-63,-42,-75,-59,-83,-48,-197,-201,-202,-205,-198,-220,-225,-223,-210,-209,-218,-214,-216,-206,-222,-226,-215,-217,-210,-214,-205,-120,-120,-118,-124,-122,-122,-126,-113,-114,-139,-129,-123,-115,-106,-123,-149,-138,-250,-243,-260,-261,-234,-231,-228,-210,-329,-311,-294,-256,-259,-259,-254,-252,-431,-236,-227,-245,-353,-352,-492,-436,-613,-597,-610,-611,-898,-1124,-974,-964,-1183,-1014,-2026,-1931,-1478,-1286,-29972,-29972,-29972,-29972,-29979,-29980,-29980,-29981,-29977,-29978,-29978,-29979,-29980,-29981,-29981,-29982,-29982,-29983,-29984,-29984,-29987,-29986,-29984,-29985,-29985,-29986]} 1. d4 f5 2. g3 Nf6 3. Bg2 g6 4. c4 Bg7 5. Nc3 O-O 6. Nf3 d6 7. O-O c6 8. Qc2 Qc7 {LiveBook: 32 Games} 9. b4 {A88: Dutch Defence: Leningrad System: 5 Nf3 0-0 6 0-0 d6 7 Nc3 c6} (9. b3 a5 10. Bb2 Na6 11. Rad1 e5 12. dxe5 dxe5 13. Na4 Ne4 14. Nd2 Nec5 15. Nxc5 Nxc5 16. a3 e4 17. Bxg7 Qxg7 18. b4 axb4 19. axb4 {0-1 (44) Beradze,I (2416)-Bortnyk,O (2557) Ureki 2015}) 9... e5 10. dxe5 $1 dxe5 11. Rd1 {White is slightly better.} e4 12. Bf4 $146 ({Predecessor:} 12. Nd4 Qf7 13. c5 Ng4 14. Bf4 Qc4 15. Qb3 Qxb3 16. axb3 Na6 17. Bd6 Rd8 18. h3 Ne5 19. b5 cxb5 20. Ncxb5 Bd7 21. f3 {1-0 (21) Goehle,B (2046)-Tietjen,R ICCF email 2004}) 12... Qf7 13. Nd2 ({Much weaker is} 13. Ne5 Qe6 $17) 13... Nh5 14. Bd6 Re8 15. c5 e3 16. Nf3 exf2+ 17. Kxf2 Nf6 {Hoping for ...Ne4+.} 18. Ne5 (18. Kg1 $15) 18... Rxe5 $1 $19 19. Bxe5 Ng4+ 20. Kg1 {Black must now prevent Rd8+.} Bxe5 21. h3 Nf6 $1 22. Rd8+ Kg7 23. Rxc8 Qd7 24. Rxb8 Qd4+ ({Don't take} 24... Rxb8 25. Rd1 $17) 25. e3 Qxe3+ 26. Qf2 Qxf2+ 27. Kxf2 Rxb8 28. Rc1 Bd4+ (28... Rd8 $19 {And now ...Rd2+ would win.} 29. Rd1 Rd4) 29. Kf1 $17 Re8 30. Ne2 Be3 31. Rd1 Re7 32. Rd3 g5 33. a4 Kf7 34. Bf3 g4 35. hxg4 fxg4 36. Bg2 Re5 37. Ke1 (37. Nc3 $17) 37... Nd5 $19 38. Bxd5+ cxd5 {[%mdl 4096] Endgame KRB-KRN} 39. Kd1 Ke6 40. Kc2 h5 41. Rc3 (41. a5 $142) 41... Kf5 42. b5 d4 43. Rc4 {[#]} d3+ $1 {[%mdl 512]} 44. Kxd3 {Threatens to win with c6.} Bxc5 45. Nd4+ $2 (45. Nc3 {might work better.}) 45... Kf6 (45... Bxd4 $142 46. Rxd4 {[#]} h4 $1 {[%mdl 512]} 47. gxh4 g3) 46. Ne2 b6 47. Nf4 (47. Nc3 $142) 47... Kg5 48. Kd2 Bf2 49. Nd3 (49. Ne2 $142 Rd5+ 50. Kc2) 49... Rd5 50. Rc7 Bxg3 51. Rxa7 h4 {[%cal Bh5h4,Bh4h3,Bh3h2][%mdl 32]} 52. Rg7+ Kf5 53. Ke3 h3 54. Rh7 h2 55. Rh8 Rd7 56. Ke2 Kg6 {Black mates.} 57. Nf2 Re7+ 58. Kf1 Rf7 59. Kg2 Bxf2 60. Rxh2 {KRB-KR} Bc5 61. Rh8 Ra7 62. Kg3 Rxa4 63. Rd8 Kf5 64. Rd5+ Ke6 65. Rd2 Bd6+ 66. Kh4 g3+ 67. Kh3 Rb4 68. Re2+ Be5 {Precision: White = 42%, Black = 84%.} 0-1

[Event "Budimex POL-ch Women 2018"]
[Site "Warsaw"]
[Date "2018.05.17"]
[Round "6"]
[White "Socko, Monika"]
[Black "Rajlich, Iweta"]
[Result "1-0"]
[WhiteElo "2458"]
[BlackElo "2389"]
[Annotator "TA"]
[PlyCount "102"]
[EventDate "2018.??.??"]
[EventType "tourn"]
[EventCountry "POL"]
[SourceTitle "playchess.com"]
[Source "ChessBase"]
[SourceQuality "1"]

{[%evp 16,102,20,0,6,10,29,20,34,0,28,41,39,14,35,26,57,61,70,66,120,45,33,31,46,27,42,40,81,66,129,44,51,55,95,23,78,57,95,111,122,127,134,114,191,113,172,104,238,104,105,96,110,94,85,53,68,0,22,0,0,0,473,532,845,933,825,41,45,42,58,47,18,0,0,0,0,0,0,0,399,373,433,397,973,956,29988,29986,29995]} 1. d4 d6 2. Nf3 f5 3. g3 Nf6 4. Bg2 g6 5. c4 Bg7 6. O-O O-O 7. d5 {[%cal Bd4d5,Bd5e6][%mdl 32]} Na6 8. Nc3 Nc5 9. Be3 {LiveBook: 8 Games. A87: Dutch Defence: Leningrad System: 5 Nf3} e6 (9... a5 10. Bd4 {½-½ (10) Burmakin,V (2526)-Vorobiov,E (2585) Schwaebisch Gmuend 2017}) 10. Rc1 Qe7 $146 ({Predecessor:} 10... Nce4 11. dxe6 Bxe6 12. Nxe4 Nxe4 13. Nd2 Ng5 14. f4 Nf7 15. Nb3 c6 16. Nd4 Bd7 {½-½ (55) Nielsen-Welz,P ICCF corr 1986}) 11. dxe6 {White has an edge.} c6 12. b4 Nce4 13. Nxe4 Nxe4 14. Bd4 Bh6 15. e3 Bxe6 16. Nd2 c5 17. Ba1 Nf6 (17... cxb4 $14 18. Bxe4 (18. Nxe4 fxe4 19. Bxe4 Rf7 $14) 18... fxe4) 18. Qb3 (18. bxc5 $16 dxc5 19. Rb1) 18... Rad8 $14 19. Rfd1 b6 20. b5 g5 21. f4 Bc8 22. Qd3 Rfe8 (22... Ng4 $14) 23. Nf3 (23. Bc6 $1 $16) 23... Ne4 24. Re1 Bb7 25. fxg5 ({White should play} 25. Nxg5 $16 Bxg5 26. fxg5 Qxg5 27. Qa3) 25... Bg7 (25... Nxg5 $11 {remains equal.} 26. Nxg5 Bxg2) 26. Bxg7 $16 Kxg7 27. Rf1 {Strongly threatening Nh4.} Rf8 28. Nh4 Qxg5 29. Rf4 d5 {[#]} (29... Bc8 $16 {might work better.} 30. Qa3 (30. Bxe4 fxe4 31. Rxe4 Rde8 $16) 30... Qe7) 30. Rcf1 (30. Qa3 $1 $18) 30... dxc4 {[#]} (30... Bc8 $16) 31. Qxc4 (31. Qa3 $1 $18) 31... Bd5 (31... Bc8 $16 {was necessary.}) 32. Qc2 (32. Qa4 $18 {and White stays clearly on top.}) 32... Be6 {[#]} 33. Nxf5+ $1 {[%mdl 512]} Rxf5 (33... Bxf5 34. Bxe4) 34. Qxe4 Rxf4 35. gxf4 Qf6 36. Qf3 (36. Qa4 $14) 36... c4 37. e4 {Hoping for f5.} Qd4+ 38. Kh1 {Black must now prevent f5.} Qd3 $2 {[%mdl 8192]} (38... c3 $11 {and Black stays safe.}) 39. Qh5 $18 c3 40. Qg5+ Kf8 41. Qh6+ $2 ({Only move:} 41. f5 $18 Bxa2 42. e5) 41... Ke7 $14 42. f5 ({Don't play} 42. Qxh7+ $6 Bf7 $18) 42... Bf7 $1 43. e5 Bd5 $1 {[%cal Rd3f1]} 44. Qxh7+ Ke8 {[%cal Rd3f1]} 45. Qh5+ Kf8 $1 {[%cal Rd3f1]} 46. Qh6+ Ke8 {[%cal Rd3f1]} 47. Qg6+ Kd7 $2 {[%mdl 8192]} (47... Kf8 $1 $11 48. Qh6+ Ke8 49. Qh5+ Kf8) 48. Rg1 {e6+ is the strong threat.} Kc8 49. e6 {[%cal Be5e6,Be6e7][%mdl 32]} Qe4 $2 (49... Qxb5 50. Qg4 Qc4 51. Qxc4+ Bxc4) 50. e7 $18 Rg8 {[#]} 51. Qxg8+ $1 {[%mdl 512]} Kc7 {Precision: White = 51%, Black = 35%.} (51... Bxg8 52. Bxe4) 1-0

[Event "Budimex POL-ch Women 2018"]
[Site "Warsaw"]
[Date "2018.05.17"]
[Round "6"]
[White "Majdan, Joanna"]
[Black "Szczepkowska, Karina"]
[Result "0-1"]
[WhiteElo "2369"]
[BlackElo "2404"]
[Annotator "NA"]
[PlyCount "82"]
[EventDate "2018.??.??"]
[EventType "tourn"]
[EventCountry "POL"]
[SourceTitle "playchess.com"]
[Source "ChessBase"]
[SourceQuality "1"]
[TimeControl "40/5400+30:1800+30"]

1. e4 {[%emt 0:00:00]} e6 {[%emt 0:00:14]} 2. d4 {[%emt 0:00:17]} d5 {[%emt 0:00:06]} 3. Nd2 {[%emt 0:00:05]} c5 {[%emt 0:00:06]} 4. exd5 {[%emt 0:00:04]} Qxd5 {[%emt 0:00:15]} 5. Ngf3 {[%emt 0:00:09]} cxd4 {[%emt 0:00:10]} 6. Bc4 {[%emt 0:00:05]} Qd7 {[%emt 0:00:21]} 7. O-O {[%emt 0:00:30]} Nc6 {[%emt 0:00:18]} 8. Nb3 {[%emt 0:00:14]} a6 {[%emt 0:00:24] LiveBook: 84 Games} 9. Nbxd4 {[%emt 0:00:28]} Nxd4 {[%emt 0:00:20]} 10. Nxd4 {[%emt 0:00:03]} Qc7 {[%emt 0:00:13]} 11. Bb3 {[%emt 0:00:04]} Bd6 {[%emt 0:00:38]} 12. Re1 {[%emt 0:02:46]} Ne7 {[%emt 0:16:16]} 13. Qh5 {[%emt 0:04:48]} O-O {[%emt 0:02:51]} 14. c3 {[%emt 0:01:14]} Qc5 $11 {[%emt 0:08:24]} 15. Qf3 {[%emt 0:07:04]} e5 {[%emt 0:09:21]} 16. Ne2 {[%emt 0:00:29]} Qc6 {[%emt 0:09:57]} 17. Qxc6 {[%emt 0:09:38]} Nxc6 {[%emt 0:00:07]} 18. Ng3 {[%emt 0:00:02]} h6 {[%emt 0:04:07]} 19. Be3 {[%emt 0:02:07]} Re8 {[%emt 0:02:44]} 20. Bb6 {[%emt 0:03:57]} Be6 {[%emt 0:05:57]} 21. Ne4 {[%emt 0:09:27]} Bf8 {[%emt 0:00:47]} 22. Rad1 {[%emt 0:00:54]} Bxb3 {[%emt 0:02:39]} 23. axb3 {[%emt 0:00:11]} Re6 {[%emt 0:00:09]} 24. Nc5 {[%emt 0:11:27]} Bxc5 {[%emt 0:03:53]} 25. Bxc5 {[%emt 0:00:17]} Na5 {[%emt 0:03:44]} 26. b4 {[%emt 0:00:44]} Nc4 {[%emt 0:10:56]} 27. b3 {[%emt 0:00:30]} b6 {[%emt 0:00:11]} 28. bxc4 {[%emt 0:07:52]} bxc5 {[%emt 0:00:04]} 29. bxc5 {[%emt 0:02:13]} a5 {[%emt 0:05:17]} 30. Rd6 {[%emt 0:08:46]} a4 {[%emt 0:04:51]} 31. f4 {[%emt 0:01:21]} exf4 {[%emt 0:04:45]} 32. Rdxe6 {[%emt 0:06:00]} fxe6 {[%emt 0:00:04]} 33. Rxe6 {[%emt 0:04:28]} a3 {[%emt 0:00:04]} 34. Re1 {[%emt 0:00:03]} a2 {[%emt 0:00:22]} 35. Ra1 {[%emt 0:00:01]} Kf7 {[%emt 0:00:06]} 36. Kf2 {[%emt 0:00:23]} Ke6 {[%emt 0:00:27]} 37. Ke2 {[%emt 0:00:18]} Kd7 {[%emt 0:00:18]} 38. h4 {[%emt 0:10:54]} g6 {[%emt 0:03:11]} 39. Kd3 {[%emt 0:04:22]} Kc6 {[%emt 0:00:05]} 40. Kd4 {[%emt 0:00:00]} Ra6 {[%emt 0:00:36]} 41. Kd3 {[%emt 0:07:39]} Kxc5 {[%emt 0:00:34] Kd4+} 0-1

[Event "Budimex POL-ch Women 2018"]
[Site "Warsaw"]
[Date "2018.05.17"]
[Round "6"]
[White "Warakomska, Anna"]
[Black "Sliwicka, Alicja"]
[Result "1/2-1/2"]
[WhiteElo "2295"]
[BlackElo "2261"]
[Annotator "NA"]
[PlyCount "104"]
[EventDate "2018.??.??"]
[EventType "tourn"]
[EventCountry "POL"]
[SourceTitle "playchess.com"]
[Source "ChessBase"]
[SourceQuality "1"]
[TimeControl "40/5400+30:1800+30"]

1. e4 {[%emt 0:00:00]} e5 {[%emt 0:00:05]} 2. Nf3 {[%emt 0:00:00]} Nc6 {[%emt 0:00:06]} 3. Bb5 {[%emt 0:00:00]} a6 {[%emt 0:00:06]} 4. Ba4 {[%emt 0:00:00]} Nf6 {[%emt 0:00:06]} 5. O-O {[%emt 0:00:00]} Be7 {[%emt 0:00:04]} 6. Re1 {[%emt 0:00:05]} b5 {[%emt 0:00:05]} 7. Bb3 {[%emt 0:00:03]} d6 {[%emt 0:00:05]} 8. c3 {[%emt 0:00:05]} O-O {[%emt 0:00:08]} 9. h3 {[%emt 0:00:02]} Na5 {[%emt 0:00:07]} 10. Bc2 {[%emt 0:00:04]} c5 {[%emt 0:00:07]} 11. d4 {[%emt 0:00:02]} Nd7 {[%emt 0:00:06]} 12. a4 {[%emt 0:01:03]} Bb7 {[%emt 0:04:22]} 13. d5 {[%emt 0:02:57]} c4 $14 {[%emt 0:17:44]} 14. Be3 {[%emt 0:06:15]} Rb8 {[%emt 0:05:59]} 15. axb5 {[%emt 0:12:04]} axb5 {[%emt 0:00:14]} 16. Nbd2 {[%emt 0:00:13]} f5 {[%emt 0:08:54]} 17. exf5 {[%emt 0:01:56]} Bxd5 {[%emt 0:00:40]} 18. Ne4 {[%emt 0:06:39]} Bxe4 {[%emt 0:00:46]} 19. Bxe4 {[%emt 0:00:10]} Kh8 {[%emt 0:07:37]} 20. Bc2 {[%emt 0:18:10]} Qc7 {[%emt 0:09:17]} 21. Ng5 {[%emt 0:18:23]} Bxg5 {[%emt 0:00:23]} 22. Bxg5 {[%emt 0:00:03]} Nf6 {[%emt 0:01:17]} 23. Bxf6 {[%emt 0:01:13]} Rxf6 {[%emt 0:00:52]} 24. g4 {[%emt 0:01:46]} Nc6 {[%emt 0:04:19]} 25. g5 {[%emt 0:01:46]} Rff8 {[%emt 0:02:14]} 26. Re4 {[%emt 0:09:33]} Ne7 {[%emt 0:10:18]} 27. f6 {[%emt 0:07:03]} Ng6 {[%emt 0:04:06]} 28. fxg7+ {[%emt 0:01:37]} Kxg7 {[%emt 0:00:35]} 29. Qh5 {[%emt 0:03:05]} Kg8 {[%emt 0:01:58]} 30. Rg4 {[%emt 0:04:09]} Qg7 {[%emt 0:00:53]} 31. Bxg6 {[%emt 0:01:32]} hxg6 {[%emt 0:01:44]} 32. Qh4 {[%emt 0:00:59]} Rf3 {[%emt 0:00:48]} 33. Rd1 {[%emt 0:00:55]} Rd8 {[%emt 0:01:10]} 34. Rg3 {[%emt 0:01:02]} Rf4 {[%emt 0:00:46]} 35. Rg4 {[%emt 0:00:11]} Rf5 {[%emt 0:00:40]} 36. Qg3 {[%emt 0:01:15]} d5 {[%emt 0:00:33]} 37. Qe3 {[%emt 0:01:23]} Qf7 {[%emt 0:06:38]} 38. Ra1 {[%emt 0:00:39]} b4 {[%emt 0:07:06]} 39. Qb6 {[%emt 0:00:42]} Re8 {[%emt 0:01:45]} 40. Ra7 {[%emt 0:00:00]} Qe6 {[%emt 0:00:46]} 41. Qxb4 {[%emt 0:06:24]} Ref8 {[%emt 0:02:22]} 42. Rg2 {[%emt 0:04:56]} Rf3 {[%emt 0:02:40]} 43. Qe7 {[%emt 0:05:07]} Qxe7 {[%emt 0:00:07]} 44. Rxe7 {[%emt 0:00:03]} e4 {[%emt 0:00:55]} 45. Re5 {[%emt 0:05:55]} Rd3 {[%emt 0:00:32]} 46. h4 {[%emt 0:02:18]} Rb8 {[%emt 0:01:12]} 47. h5 {[%emt 0:03:18]} Rxb2 {[%emt 0:05:12]} 48. h6 {[%emt 0:00:28]} Rh3 {[%emt 0:01:26]} 49. Rh2 {[%emt 0:03:34]} Rxh2 {[%emt 0:00:21]} 50. Kxh2 {[%emt 0:00:01]} Rxf2+ {[%emt 0:00:26]} 51. Kg3 {[%emt 0:01:00]} Rf5 {[%emt 0:02:07]} 52. Re8+ {[%emt 0:01:11]} Kh7 {[%emt 0:00:15]} 1/2-1/2

[Event "Budimex POL-ch Women 2018"]
[Site "Warsaw"]
[Date "2018.05.17"]
[Round "6"]
[White "Bartel, Marta"]
[Black "Zawadzka, Jolanta"]
[Result "0-1"]
[WhiteElo "2280"]
[BlackElo "2424"]
[Annotator "TA"]
[PlyCount "114"]
[EventDate "2018.??.??"]
[EventType "tourn"]
[EventCountry "POL"]
[SourceTitle "playchess.com"]
[Source "ChessBase"]
[SourceQuality "1"]

{[%evp 12,114,8,0,28,31,27,0,0,-14,-17,-31,-14,-30,-39,-36,0,-3,0,-20,-18,-60,-57,-106,-88,-73,-83,-79,-79,-72,-71,-114,-88,-83,-87,-108,-81,-95,-99,-90,-93,-122,-114,-137,-138,-138,-135,-147,-131,-131,-131,-131,-127,-127,-124,-131,-121,-121,-123,-131,-131,-131,-131,-138,-138,-151,-130,-159,-160,-170,-157,-157,-157,-157,-157,-168,-166,-161,-159,-193,-192,-192,-193,-231,-205,-203,-197,-236,-237,-238,-227,-237,-210,-231,-224,-197,-172,-270,-220,-429,-404,-519,-509,-2275,-1971]} 1. d4 d5 2. g3 Nf6 3. Bg2 e6 4. Nf3 b5 5. O-O Bb7 6. a4 {A46: 1 d4 Nf6 2 Nf3 e6: Torre, London and Colle Systems} (6. Bg5 Nbd7 7. e4 dxe4 8. Nfd2 h6 9. Bxf6 Nxf6 10. Qe2 a6 11. Nxe4 Bxe4 12. Bxe4 Nxe4 13. Qxe4 Qd5 {½-½ (62) Aronian,L (2784)-Dominguez Perez,L (2732) Skopje 2015}) 6... b4 7. a5 {LiveBook: 10 Games} Ba6 8. Ne5 $146 {White has an edge.} ({Predecessor:} 8. c3 Nbd7 9. Bg5 Be7 10. Nbd2 O-O 11. Re1 h6 12. Bxf6 Bxf6 13. e4 bxc3 14. bxc3 {0-1 (46) Sichinava,Z (2275)-Airapetian,G (2502) St Petersburg 2014}) 8... Bd6 9. c3 O-O 10. cxb4 Bxb4 11. Qc2 Qe7 12. Be3 Rc8 13. Rc1 Nfd7 14. Nd3 Bxd3 15. Qxd3 c5 16. dxc5 Nc6 {[%cal Bb8c6,Bc6e5,Be5c4][%mdl 32]} 17. Ra4 Nxc5 18. Bxc5 Bxc5 19. e3 Rab8 20. Qe2 Ne5 21. Rd1 Nc4 22. Ra2 Qf6 $36 {[%cal Rb8b2][%mdl 2048] Black is in control.} 23. Nc3 {[#]} Nxb2 $1 {[%mdl 512]} 24. Rxb2 Qxc3 25. Rxb8 Rxb8 26. Qd2 Qa3 27. Bf1 Bb4 28. Qd4 Qxa5 29. Ra1 Qb6 30. Qxb6 axb6 $17 {[%mdl 4096] Endgame KRB-KRB} 31. Bb5 g6 32. Ra7 Kg7 33. Kg2 Kf6 34. Kf3 Rc8 35. Rb7 Bc5 36. Bd7 Rd8 37. Bb5 g5 38. g4 Rh8 39. h3 h5 40. Ra7 hxg4+ 41. hxg4 d4 42. exd4 Bxd4 43. Rd7 Bc5 44. Kg3 Ra8 45. Rd2 Ra3+ 46. Kg2 Rb3 47. Bc4 Rb4 48. Rc2 Ke5 49. Kf3 Kd4 50. Bf1 Kd5 51. Bg2 Rd4 52. Kg3+ Kd6 53. Bf1 Rd1 54. Be2 (54. Bb5 $142) 54... Rb1 55. f4 $2 {[#]} (55. Rd2+ Ke5 56. Ba6) 55... Rb3+ $19 56. Bf3 gxf4+ 57. Kxf4 (57. Kg2 $142) 57... e5+ {Precision: White = 45%, Black = 79%.} 0-1

[Event "Budimex POL-ch Women 2018"]
[Site "Warsaw"]
[Date "2018.05.17"]
[Round "6"]
[White "Kubicka, Anna"]
[Black "Kulon, Klaudia"]
[Result "0-1"]
[WhiteElo "2219"]
[BlackElo "2353"]
[Annotator "NA"]
[PlyCount "52"]
[EventDate "2018.??.??"]
[EventType "tourn"]
[EventCountry "POL"]
[SourceTitle "playchess.com"]
[Source "ChessBase"]
[SourceQuality "1"]
[TimeControl "40/5400+30:1800+30"]

1. d4 {[%emt 0:00:00]} Nf6 {[%emt 0:00:05]} 2. c4 {[%emt 0:00:00]} g6 {[%emt 0:00:03]} 3. Nc3 {[%emt 0:00:00]} Bg7 {[%emt 0:00:03]} 4. e4 {[%emt 0:00:05]} d6 {[%emt 0:00:03]} 5. Nf3 {[%emt 0:00:07]} O-O {[%emt 0:00:04]} 6. h3 {[%emt 0:00:06]} Na6 {[%emt 0:00:05]} 7. Be3 {[%emt 0:00:13]} e5 {[%emt 0:00:07]} 8. d5 {[%emt 0:00:12]} Nh5 {[%emt 0:00:15]} 9. g3 {[%emt 0:00:10]} Qe8 {[%emt 0:00:10]} 10. Be2 {[%emt 0:00:52]} f5 {[%emt 0:00:05]} 11. exf5 {[%emt 0:00:05]} gxf5 {[%emt 0:00:04]} 12. Nh4 {[%emt 0:00:59]} Nf6 {[%emt 0:00:07]} 13. Qc2 {[%emt 0:01:48]} f4 {[%emt 0:00:18]} 14. gxf4 {[%emt 0:01:27]} exf4 {[%emt 0:00:05]} 15. Bd4 $1 {[%emt 0:01:11]} f3 $1 {[%emt 0:00:34]} 16. Nxf3 {[%emt 0:02:29]} Nb4 {[%emt 0:00:04]} 17. Qd2 {[%emt 0:05:56]} Bf5 {[%emt 0:00:22]} 18. O-O-O $17 {[%emt 0:14:43]} (18. Kd1 $11 {remains equal.}) 18... Ne4 {[%emt 0:00:44]} 19. Rhg1 {[%emt 0:18:27]} Bg6 {[%emt 0:00:32]} 20. Qe3 {[%emt 0:31:13]} Nxc3 {[%emt 0:03:04]} 21. bxc3 {[%emt 0:00:34]} Qa4 {[%emt 0:03:54]} 22. Qe6+ {[%emt 0:03:13]} Rf7 {[%emt 0:00:46]} 23. Rd2 {[%emt 0:02:02]} Re8 {[%emt 0:06:07]} 24. Qg4 {[%emt 0:00:22]} Nxa2+ {[%emt 0:00:43]} 25. Kb2 {[%emt 0:00:44]} Nxc3 {[%emt 0:00:27]} 26. Bxg7 {[%emt 0:06:41]} Qb4+ {[%emt 0:00:12]} 0-1

[Event "Budimex POL-ch Women 2018"]
[Site "Warsaw"]
[Date "2018.05.18"]
[Round "7"]
[White "Zawadzka, Jolanta"]
[Black "Socko, Monika"]
[Result "1/2-1/2"]
[WhiteElo "2424"]
[BlackElo "2458"]
[Annotator "TA"]
[PlyCount "135"]
[EventDate "2018.??.??"]
[EventType "tourn"]
[EventCountry "POL"]
[SourceTitle "playchess.com"]
[Source "ChessBase"]
[SourceQuality "1"]

{[%evp 21,135,0,0,-5,4,0,24,6,0,-10,1,0,8,0,3,-8,49,46,59,59,59,63,58,53,53,60,60,57,85,78,90,74,73,68,68,62,62,49,62,18,21,14,30,17,18,0,0,0,0,0,3,3,2,0,16,0,66,62,62,62,62,62,62,62,59,37,37,37,37,37,45,45,45,29,29,29,45,30,37,37,46,30,40,33,40,27,40,40,41,19,26,0,1,0,1,1,1,1,1,0,1,1,1,0,1,0,1,1,8,8,8,0,1,0,1,0]} 1. e4 e6 2. d4 d5 3. Nc3 Bb4 4. Nge2 dxe4 5. a3 Bxc3+ 6. Nxc3 Nc6 7. Bb5 Nge7 8. Bg5 f6 9. Be3 O-O 10. Qd2 a6 11. Bxc6 Nxc6 {LiveBook: 18 Games} 12. Nxe4 {C15: French: 3 Nc3 Bb4: Unusual White 4th moves} Qd5 13. f3 e5 $146 ({Predecessor:} 13... Rd8 14. Rd1 e5 15. dxe5 Qxe5 16. Qc3 Rxd1+ 17. Kxd1 Qd5+ 18. Kc1 Bf5 19. Rd1 Qa2 {0-1 (57) Lim,Y (2261)-Villamayor,B (2484) Ho Chi Minh City 2003}) 14. Nc3 {White has an edge.} Qf7 15. d5 Ne7 16. O-O-O Rd8 17. Bc5 Ng6 18. h4 {[%cal Bh2h4,Bh4h5][%mdl 32]} b6 (18... h5 $1 $11) 19. h5 $36 {[%mdl 2048] White has the initiative.} Nf4 20. Be3 Nxd5 21. Nxd5 Be6 {[%cal Rd8d5]} 22. Nxf6+ Qxf6 23. Qc3 c5 24. h6 Bf7 25. hxg7 Qxg7 26. Rd2 e4 27. Qxg7+ ({Much worse is} 27. fxe4 Qxc3 28. bxc3 Re8 $11) 27... Kxg7 28. fxe4 Rxd2 29. Bh6+ (29. Kxd2 {feels hotter.} Re8 30. Kd3 Bg6 31. Rh4 Kf6 32. Bd2) 29... Kf6 30. Bxd2 {[%mdl 4096] Endgame KRB-KRB} (30. Rf1+ {looks sharper.} Ke6 31. Kxd2 Rg8 32. Rf2 Bh5 33. Bf4) 30... Bg6 31. Re1 Ke6 32. g3 Rd8 33. Bc3 Rf8 34. Re3 Rf1+ 35. Kd2 Bh5 {[%csl Gh5][%cal Rf1d1] [#]} 36. Kd3 b5 37. Bd2 Ke5 38. b3 Rf3 ({Black should play} 38... Rf2 $11) 39. Bc3+ Ke6 40. Rxf3 Bxf3 {KB-KB} 41. Ba5 Kd6 42. b4 cxb4 43. Bxb4+ Ke5 44. Bc3+ Kd6 45. Kd4 Bd1 46. Bb4+ Ke6 47. c3 Bc2 48. Ba5 Bd1 49. Bc7 Kd7 50. Bf4 Kc6 51. Bd2 Bc2 52. Be3 Kd6 53. Bh6 a5 54. Bf8+ Kc6 55. e5 Bf5 56. a4 Be6 {The position is equal.} 57. Be7 Bb3 58. axb5+ Kxb5 59. Bd6 Be6 60. Be7 Bg8 61. Ke4 Be6 62. Kd4 Bg8 63. Bd6 Be6 64. Bf8 a4 65. Bb4 Bg8 66. Ke4 Be6 67. Kd4 Bg8 68. Ke4 {Precision: White = 59%, Black = 57%.} 1/2-1/2

[Event "Budimex POL-ch Women 2018"]
[Site "Warsaw"]
[Date "2018.05.18"]
[Round "7"]
[White "Szczepkowska, Karina"]
[Black "Bartel, Marta"]
[Result "1-0"]
[WhiteElo "2404"]
[BlackElo "2280"]
[Annotator "TA"]
[PlyCount "79"]
[EventDate "2018.??.??"]
[EventType "tourn"]
[EventCountry "POL"]
[SourceTitle "playchess.com"]
[Source "ChessBase"]
[SourceQuality "1"]

{[%evp 20,79,35,49,35,26,13,19,18,-8,6,-16,0,-44,-11,-24,56,37,66,58,102,63,192,116,271,181,135,119,325,341,332,319,453,409,427,439,627,597,606,605,585,439,966,953,917,793,1202,1179,1202,1191,1268,933,1068,1084,1040,1027,1951,1937,2029,1950,3588,3341]} 1. d4 d5 2. c4 e6 3. Nc3 a6 4. e3 Nf6 5. Nf3 dxc4 6. Bxc4 b5 7. Bb3 Bb7 8. O-O c5 9. Qe2 Nbd7 10. Rd1 c4 {D29: Queen's Gambit Accepted: Classical main line: 7 Qe2 with early ...Nbd7} 11. Bc2 {LiveBook: 4 Games} b4 12. Nb1 (12. Na4 Qc7 13. e4 Be7 14. Bg5 a5 15. Rac1 Ba6 16. Bb3 cxb3 17. Qxa6 Rxa6 18. Rxc7 bxa2 {0-1 (32) Xu,Y (2535)-Zhou,J (2632) Danzhou 2016}) 12... Nb6 {White has an edge.} 13. e4 Be7 14. Nbd2 $146 ({Predecessor:} 14. Bg5 h6 15. Bh4 g5 16. Bg3 Rg8 17. Ne5 h5 18. f3 {0-1 (33) Mueller,J (1956)-Cherny,A (2253) Vellmar 2012}) 14... Qc7 $1 15. Nf1 a5 16. Bd2 Ba6 {Threatens to win with ...c3.} 17. Qe1 h5 (17... O-O $11) 18. Rac1 $14 h4 19. h3 Nh5 20. d5 e5 ({Better is} 20... exd5 $14 21. Bg5 O-O-O) 21. Be3 (21. a3 $18) 21... Rb8 $2 (21... O-O $16 {was worth a try.}) 22. N1h2 Nf6 23. Bg5 Ng8 $2 (23... Kf8 $16) 24. Bxe7 $18 Qxe7 25. Ng4 Rh5 (25... f6 {was called for.} 26. d6 Qb7 27. Nfxe5 fxe5 28. Nxe5 Nd7) 26. d6 Qe6 27. Qe3 {White is clearly winning.} Nd7 (27... Bb5 $142 28. a4 Ba6) 28. Ba4 Bb5 29. Bxb5 Rxb5 30. Qa7 g6 {[#]} (30... f5 $142) 31. Rd5 $1 {[%mdl 512]} Rb8 {[#]} (31... Rxd5 32. Qa8+) 32. Ngxe5 $1 {[%mdl 512]} Rd8 (32... Nxe5 33. Qxb8+) 33. Nc6 Rc8 34. Ncd4 Qf6 35. Qa6 Rd8 36. Rxh5 gxh5 37. e5 {[%cal Be4e5,Be5e6][%mdl 32]} Qf4 38. Re1 c3 39. bxc3 bxc3 40. e6 {Precision: White = 71%, Black = 16%.} 1-0